ბათუმის შოთა რუსთაველის სახელმწიფო უნივერსიტეტის ბიბლიოთეკა

თხზულებათა სრული კრებული ორ ტომად:ტომი I : (ბიბ.ჩანაწერი № 50570)

000 -ლიდერი
ფიქსირებული სიგრძის საკონტროლო ველი 01195nam a2200229Ia 4500
001 - საკონტროლო ნომერი
საკონტროლო ველი 17520
003 - საკონტროლო ნომრის იდენტიფიკატორი
საკონტროლო ველი GE_BSU
005 - ბოლო ოპერაციის თარიღი და დრო
საკონტროლო ველი 20200227164627.0
008 - ფიქსირებული სიგრძის მონაცემთა ელემენტები - ზოგადი ინფორმაცია
ფიქსირებული სიგრძის საკონტროლო ველი 181216s1959 xx |||||||||||||| ||geo||
040 ## - კატალოგიზაციის წყარო
Transcribing agency GE_BSU
041 ## - ენის კოდი
Language code of text/sound track or separate title geo
080 ## - უნივერსალური ათობითი კლასიფიკაციის ინდექსი
Universal Decimal Classification number 821.353.1-1+ 821.353.1-32 ნ 67
100 ## - მთავარი ჩანაწერი - პიროვნების სახელი
Personal name ნინოშვილი, ეგნატე.
9 (RLIN) 7589
245 ## - ცნობა სათაურის შესახებ
Title თხზულებათა სრული კრებული ორ ტომად:ტომი I :
Remainder of title მოთხრობები /
Statement of responsibility, etc ეგნატე ნინოშვილი ; გ. ქიქოძის შესავალი წერილით ;რედ. გ. ციცქიშვილი ; მხატვ : ლ. გრიგოლია.
264 ## - წარმოების, გამოცემის, დისტრიბუციის და სხვა ცნობები
გამოცემის, წარმოების, დისტრიბუციის... ადგილი თბილისი :
გამოცემის, წარმოების, დისტრიბუციის... სახელწოდება საბჭ.საქართველო,
გამოცემის, წარმოების, დისტრიბუციის... თარიღი 1959.
300 ## - ფიზიკური აღწერა
Extent 435 გვ.;
Other physical details 1ფ.პორტრ.
Dimensions 21 სმ.
653 ## - INDEX TERM--UNCONTROLLED
Uncontrolled term მოთხრობები
653 ## - INDEX TERM--UNCONTROLLED
Uncontrolled term ქართული ლიტერატურა
700 ## - ADDED ENTRY--PERSONAL NAME
Personal name ციცქიშვილი, გ
Relator term რედაქტორი
9 (RLIN) 7590
700 ## - ADDED ENTRY--PERSONAL NAME
Personal name გრიგოლია, ლ
Relator term მხატვარი
9 (RLIN) 7591
942 ## - ADDED ENTRY ELEMENTS (KOHA)
Koha item type წიგნი
Source of classification or shelving scheme
ეგზემპლარები
ჩამოწერის სტატუსი დაკარგული ეგზემპლარის სტატუსი კლასიფიკაციის წყარო ან თაროზე გაწყობის სქემა დაზიანების სტატუსი არ გაიცემა მუდმივი მდებარეობა (დაცვის ადგილი) ამჟამინდელი ადგილსამყოფელი თაროზე განთავსების ადგილი შეძენის თარიღი სრული შენახვის შიფრი შტრიხკოდი ბოლო ოპერაციის თარიღი ეგზემპლარის მიმდევრობითი ნომერი (კეტერი?) ფასის ძალაში შესვლის თარიღი ეგზემპლარის სახეობა საჯარო შენიშვნა ღირებულება, შესყიდვის ნორმალური ფასი
          ბათუმის შოთა რუსთაველის სახელმწიფო უნივერსიტეტის მთავარი ბიბლიოთეკა აგრარული და მემბრანული ტექნოლოგიების ინსტიტუტის ბიბლიოთეკა წიგნსაცავი 2018-12-17 821.353.1-1+ 821.353.1-32 ნ 67 41447 2018-12-17 41447 2018-12-17 წიგნი .  
          ბათუმის შოთა რუსთაველის სახელმწიფო უნივერსიტეტის მთავარი ბიბლიოთეკა აგრარული და მემბრანული ტექნოლოგიების ინსტიტუტის ბიბლიოთეკა წიგნსაცავი 2018-12-17 821.353.1-1+ 821.353.1-32 ნ 67 41446 2018-12-17 41446 2018-12-17 წიგნი    
          ბათუმის შოთა რუსთაველის სახელმწიფო უნივერსიტეტის მთავარი ბიბლიოთეკა ბათუმის შოთა რუსთაველის სახელმწიფო უნივერსიტეტის მთავარი ბიბლიოთეკა წიგნსაცავი 2018-12-17 821.353.1-1+ 821.353.1-32 ნ 67 45835 2018-12-17 45835 2018-12-17 წიგნი 2ლ.76თ. 2.00